1367 1474 1240 1127 1568 1815 1932 1067 1683 1837 1995 1421 1857 1395 1926 1885 1771 1104 1193 1003 1087 1610 1944 1875 1210 1646 1992 1210 1977 1425 1793 1195 1668 1574 1531 1623 1396 1638 1911 1967 1224 1326 1680 1064 1142 1559 1799 1499 1053 1328 1651 1202 1183 1387 1353 1214 1967 1793 1078 1303 1346 1155 1616 1612 1727 1254 1892 1426 1296 1169 1167 1226 1925 1781 1877 1223 1947 1368 1031 1232 1920 1137 1943 1886 1377 1888 1438 1680 1133 1366 1545 1232 1967 1053 1580 1758 1772 1310 1459 BCNSPRNW ULIB Ver.6.0+V

เปลี่ยนเป็นภาษาไทย

Change to English
 แสดงรายละเอียดบรรณานุกรม
  กลับหน้าหลัก

Brief Record : Get Marc (ISO 2709) : E-mail record : QR code < ปิดหน้าต่าง
LEADER : 00000nam 2200000uu 4500
001    13399127160
003     ULIB
008    191018s2562||||th 000 0 tha d
020 ^  ^a9786168142363
050  0 ^aนว.^bป534ร
100 0  ^aปัณภัส.
245 1  ^aรัก (กรรณ) วันละนิด /^cปัณภัส.
260 ^  ^aกรุงเทพฯ :^bทัช,^c2562.
300 ^  ^a272 หน้า ;^c21 ซม.
945    ^p230^l0^i006347
999    ^aประนอม เกษจรัล
รายการนี้ยังไม่มีแท็ก
คุณยังไม่ได้ล็อกอิน คุณสามารถมีกิจกรรมร่วมกับเว็บไซต์ได้ แต่ต้องล็อกอินก่อน ::
  ล็อกอิน

รายการสื่อสารสนเทศ

ลำดับที่ ประเภท เลขเรียก/บาร์โค้ด สถานที่ สถานะ
1. นวนิยาย
นวนิยาย
นว. ป534ร ฉ.1 
  Barcode: 006347
ห้องสมุดวิทยาเขตนครสวรรค์
►นวนิยาย:l:Fiction
บนชั้น

รายการใกล้เคียง
    ผู้แต่ง [ปัณภัส.]

BibComment


ยังไม่เคยถูกคอมเมนท์

คอมเมนท์ทรัพยากรรายการนี้
  คอมเมนท์: รัก กรรณ วันละนิ..


 Copyright 2026. Bcnsprnw @Library